000 01312cab a2200241 4500
001 ABS68568
008 041214n2004 000 0 eng u
035 _a(Sirsi) u128295
100 _aNorwood, G.
245 4 _aThe call goes out for inspectors
260 _c2004
490 _aEstates Gazette
_v(0447) 20 November 2004, 152-153(3)
520 _aLooks at the residential property industry's largest recruitment campaign: the training and employment of 7 500 home inspectors who will prepare Home Condition Reports (HCRs) as part of home information packs, the new home selling procedure, which will be mandatory from January 2007. Government hopes that HCRs will replace lenders' surveys and HCRs will be stored on a database, which future sellers of a property will be able to access. Outlines the draft contents of the proposed HCR. Describes how inspectors will be selected and how their training will work before receipt of their diplomas.
590 _aABS
650 _aCAREERS, EDUCATION AND TRAINING
650 _aCAREERS, EDUCATION AND TRAINING
650 _aAWARDING BODY FOR THE BUILT ENVIRONMENT
650 _aHOME INSPECTIONS
650 _aHOME INFORMATION PACKS
650 _aHOME CONDITION REPORTS
690 _aMANAGEMENT-BUSINESS MANAGEMENT-PROFESSIONAL PRACTICE
942 _n0
999 _c74668
_d74668